000 00337nam a2200133Ia 4500
100 _aHodges/D.A & jackson
942 _cBK
654 _aIntergrated circuits
245 _aAnalysis and digital design of intergrated circuits
260 _bMcGraw Hill International
_aNew York
_c1988
300 _a463
546 _aENGLISH
999 _c34940
_d34940